000 01181nam a22003377a 4500
003 CHAP
005 20220329134336.0
008 971013s1980 r 00010 d
010 _a19056
011 _a20028
035 _a24115
040 _cCHAP
082 _a631.34
_bA5 1980
100 0 0 _aAlward, Ron.
_95044
245 _aLow-cost passive solar qreenhouses
_b: a desing and construction guide
260 _aButte, Montana :
_bNational Center for Appropriate Technology,
_c1980
300 _a173 p.
_b: ilus
590 _aBATCH-UPD
_b10
_c20130110
_lUCH01
_h0212
590 _aBATCH-UPD
_b10
_c20130110
_lUCH01
_h1632
590 _aBATCH-UPD
_b10
_c20130410
_lUCH01
_h1024
590 _aBATCH-UPD
_b10
_c20130914
_lUCH01
_h1307
590 _aCONVERSION
_b10
_c20130109
_lUCH01
_h1312
650 1 4 _aEnergía solar en agricultura.
_936913
650 1 4 _aHorticultura
_xAspectos económicos.
_956299
650 1 4 _aInvernaderos.
_960172
700 0 _aShapiro, Andy.
_9105486
901 _aBK
942 _cLIBRO
949 _a631.34 A5 1980
_bBC
_cLIBRO
_d33724000058970
_eLIBRO
_gI.c/e
_h69500
_i24115
_si
949 _a631.34 A5 1980
_bBC
_cLIBRO
_d33724000058988
_eLIBRO
_fc.2
_h69833
_i24115
_si
999 _c19056
_d19056